000 00546nam a2200193Ia 4500
003 IN-BaIIA
008 211028s9999 xx 000 0 eng d
040 _cIIA Library
080 _a511
_bMCC
100 _aMcCoy, Neal H.
_94965
245 4 _aThe theory of numbers
_cNeal H. McCoy
260 _aNew York
_bMacmillan
_c1965
300 _avi, 150p.
490 _aAllendoerfer advanced series
650 _aNASA Thesaurus
650 _aNumber theory
_94966
650 _aNumbers
_94967
942 _cBK
999 _c2775
_d2775